[Event "Krakow op-A 34th"]
[Site "Krakow"]
[Date "2023.12.30"]
[Round "4"]
[White "Grochol, Kamil"]
[Black "Szczurek, Krzysztof"]
[Result "1/2-1/2"]
[WhiteElo "2101"]
[BlackElo "2175"]
[PlyCount "59"]
[EventDate "2023.12.27"]
[EventType "swiss"]
[EventRounds "9"]
[EventCountry "POL"]
[SourceTitle "CB02_2024"]
[SourceDate "2024.01.10"]
[SourceVersion "1"]
[SourceVersionDate "2024.01.10"]
[SourceQuality "1"]

1. e4 c5 2. Nf3 d6 3. d4 cxd4 4. Nxd4 Nf6 5. Nc3 a6 6. f3 e5 7. Nb3 Be6 8. Be3 Be7 9. Qd2 0-0 10. 0-0-0 b5 11. g4 b4 12. Nd5 Bxd5 13. exd5 a5 14. Kb1 a4 15. Nc1 Qa5 16. h4 Na6 17. a3 Bd8 18. Bxa6 Qxa6 19. g5 Nh5 20. Qxb4 Ng3 21. Rh3 Nf5 22. Qe4 Nxe3 23. Qxe3 Bb6 24. Qe4 Rfc8 25. Nd3 Rc4 26. Qf5 Bd4 27. h5 Qc8 28. Qxc8+ Raxc8 29. Nb4 Be3 30. g6 1/2-1/2

[Event "Polanica Zdroj op 59th"]
[Site "Polanica Zdroj"]
[Date "2023.08.27"]
[Round "9"]
[White "Grochol, Kamil"]
[Black "Kokoszczynski, Jan"]
[Result "1/2-1/2"]
[WhiteElo "2089"]
[BlackElo "2256"]
[PlyCount "62"]
[EventDate "2023.08.19"]
[EventType "swiss"]
[EventRounds "9"]
[EventCountry "POL"]
[SourceTitle "CBM 215 Extra"]
[Source "ChessBase"]
[SourceDate "2023.09.30"]
[SourceVersion "1"]
[SourceVersionDate "2023.09.30"]
[SourceQuality "1"]

1. d4 Nf6 2. c4 e6 3. Nf3 d5 4. g3 Bb4+ 5. Nc3 0-0 6. Bg2 b6 7. cxd5 exd5 8. 0-0 Bb7 9. Bf4 c6 10. Ne5 Nbd7 11. Qa4 Bxc3 12. bxc3 Nxe5 13. Bxe5 Re8 14. Rfe1 Ne4 15. Rac1 Nd2 16. Bf4 Nc4 17. e4 g5 18. exd5 Rxe1+ 19. Rxe1 cxd5 20. Bc1 h6 21. h4 Nd6 22. hxg5 hxg5 23. Re5 f6 24. Bxd5+ Bxd5 25. Rxd5 Qc7 26. Ba3 Nf7 27. c4 Qc8 28. Kg2 Qe6 29. Qc2 Kg7 30. Qf5 Qe1 31. Rb5 Rh8 1/2-1/2

[Event "Polanica Zdroj op 59th"]
[Site "Polanica Zdroj"]
[Date "2023.08.26"]
[Round "8"]
[White "Golecki, Jan"]
[Black "Grochol, Kamil"]
[Result "1-0"]
[WhiteElo "2162"]
[BlackElo "2089"]
[PlyCount "98"]
[EventDate "2023.08.19"]
[EventType "swiss"]
[EventRounds "9"]
[EventCountry "POL"]
[SourceTitle "CBM 215 Extra"]
[Source "ChessBase"]
[SourceDate "2023.09.30"]
[SourceVersion "1"]
[SourceVersionDate "2023.09.30"]
[SourceQuality "1"]

1. e4 d5 2. exd5 Qxd5 3. Nc3 Qa5 4. d4 Nf6 5. Nf3 Bf5 6. Bc4 e6 7. Bd2 Bb4 8. a3 Bxc3 9. Bxc3 Qb6 10. Qe2 Nbd7 11. d5 0-0 12. dxe6 Bxe6 13. 0-0-0 Rfe8 14. Ng5 Bd5 15. Qd3 Ne5 16. Bxe5 Rxe5 17. Nxh7 Bxc4 18. Nxf6+ Qxf6 19. Qxc4 Qxf2 20. Rhf1 Qe3+ 21. Kb1 Re7 22. Rd3 Qe2 23. Qf4 Rae8 24. Rfd1 Qe5 25. Qh4 Qe4 26. g4 Re6 27. Qg3 Rc6 28. g5 a5 29. h4 b5 30. h5 b4 31. Qf2 Qe2 32. R1d2 Qxf2 33. Rxf2 Re5 34. Rg2 Kh7 35. axb4 axb4 36. Ka2 Rcc5 37. Rdg3 Rcd5 38. Kb3 c5 39. g6+ fxg6 40. Rxg6 Rd7 41. R2g5 Rxg5 42. Rxg5 Rc7 43. Kc4 Kh6 44. Rd5 Rc6 45. Kb5 Rc8 46. Re5 b3 47. c4 Ra8 48. Kxc5 Ra5+ 49. Kd4 Ra1 1-0

[Event "Polanica Zdroj op 59th"]
[Site "Polanica Zdroj"]
[Date "2023.08.25"]
[Round "7"]
[White "Grochol, Kamil"]
[Black "Golenia, Wojciech"]
[Result "1/2-1/2"]
[WhiteElo "2089"]
[BlackElo "2227"]
[PlyCount "124"]
[EventDate "2023.08.19"]
[EventType "swiss"]
[EventRounds "9"]
[EventCountry "POL"]
[SourceTitle "CBM 215 Extra"]
[Source "ChessBase"]
[SourceDate "2023.09.30"]
[SourceVersion "1"]
[SourceVersionDate "2023.09.30"]
[SourceQuality "1"]

1. d4 Nf6 2. c4 e6 3. Nc3 Bb4 4. g3 0-0 5. Bg2 d5 6. Nf3 dxc4 7. 0-0 Nbd7 8. a3 Bxc3 9. bxc3 c5 10. a4 Qa5 11. Ba3 Rd8 12. Qc2 Nd5 13. Rfc1 b6 14. h4 Bb7 15. Ng5 Nf8 16. e4 Nf6 17. e5 Bxg2 18. exf6 gxf6 19. dxc5 fxg5 20. Kxg2 bxc5 21. hxg5 Rd3 22. Qe2 Qd8 23. Qe4 Qd5 24. Qxd5 Rxd5 25. Rab1 Rxg5 26. Rb7 Ng6 27. Rcb1 Nf4+ 28. Kf1 Nd3 29. Bc1 Nxc1 30. Rxc1 Rd5 31. Re1 Rd3 32. Re4 Rxc3 33. Rg4+ Kf8 34. Rf4 Kg7 35. Rbxf7+ Kg8 36. Rc7 Rc1+ 37. Kg2 Rd8 38. Rff7 c3 39. Rg7+ Kh8 40. Rxh7+ Kg8 41. Rcg7+ Kf8 42. Rxa7 Kg8 43. Rag7+ Kf8 44. Rc7 Kg8 45. Rcg7+ Kf8 46. Ra7 Kg8 47. Rhc7 Rc2 48. a5 Ra2 49. Rxc5 Rf8 50. Rxc3 Rfxf2+ 51. Kh3 Rf7 52. Ra8+ Kg7 53. Re8 Rxa5 54. Rxe6 Rf6 55. Re4 Rh5+ 56. Kg2 Rg5 57. Rcc4 Rgf5 58. g4 Rf2+ 59. Kg3 R2f3+ 60. Kg2 Kg6 61. Re2 Kg5 62. Re5+ Kg6 1/2-1/2

[Event "Polanica Zdroj op 59th"]
[Site "Polanica Zdroj"]
[Date "2023.08.22"]
[Round "4"]
[White "Zabron, Maksym"]
[Black "Grochol, Kamil"]
[Result "1/2-1/2"]
[WhiteElo "1996"]
[BlackElo "2089"]
[PlyCount "67"]
[EventDate "2023.08.19"]
[EventType "swiss"]
[EventRounds "9"]
[EventCountry "POL"]
[SourceTitle "CBM 215 Extra"]
[Source "ChessBase"]
[SourceDate "2023.09.30"]
[SourceVersion "1"]
[SourceVersionDate "2023.09.30"]
[SourceQuality "1"]

1. e4 c6 2. d4 d5 3. exd5 cxd5 4. Bd3 Nc6 5. c3 Nf6 6. h3 g6 7. Nf3 Bf5 8. 0-0 Qc7 9. Re1 Bxd3 10. Qxd3 Bg7 11. Nbd2 0-0 12. Ne5 Ne8 13. Qe2 Nd6 14. Nf1 e6 15. h4 Rfe8 16. h5 f6 17. Nf3 g5 18. Ng3 h6 19. b3 f5 20. Bb2 f4 21. Nf1 Qf7 22. Ne5 Nxe5 23. dxe5 Nf5 24. c4 dxc4 25. bxc4 Rac8 26. Nd2 Qc7 27. Rac1 Red8 28. Ne4 b6 29. c5 bxc5 30. Rxc5 Qd7 31. Qc4 Rxc5 32. Nxc5 Qd5 33. Qxd5 exd5 34. Ne6 1/2-1/2

[Event "Krakow op-B 33rd"]
[Site "Krakow"]
[Date "2022.12.28"]
[Round "2"]
[White "Grochol, Kamil"]
[Black "Barwinska, Ewa"]
[Result "1/2-1/2"]
[WhiteElo "2030"]
[BlackElo "1913"]
[PlyCount "132"]
[EventDate "2022.12.27"]
[EventType "swiss"]
[EventRounds "9"]
[EventCountry "POL"]
[SourceTitle "CBM 212 Extra"]
[Source "ChessBase"]
[SourceDate "2023.03.31"]
[SourceVersion "1"]
[SourceVersionDate "2023.03.31"]
[SourceQuality "1"]

1. d4 Nf6 2. Bf4 e6 3. e3 d5 4. Nd2 Bd6 5. Bg3 0-0 6. Ngf3 c5 7. c3 Nc6 8. Bd3 c4 9. Bc2 Qc7 10. e4 dxe4 11. Nxe4 Nxe4 12. Bxe4 h6 13. 0-0 Rb8 14. Re1 Bxg3 15. hxg3 Bd7 16. Qe2 b5 17. a3 Rfe8 18. Qe3 Rbd8 19. g4 e5 20. dxe5 Bxg4 21. Bxc6 Qxc6 22. Nd4 Qc5 23. Qf4 Bc8 24. Re3 Rd5 25. Rae1 Qe7 26. Qg3 Qg5 27. Qh2 Kh7 28. f4 Qg6 29. Qh4 a5 30. Rg3 Qb6 31. Ree3 b4 32. axb4 axb4 33. Kh2 Bd7 34. Qh5 g6 35. Qh4 Qd8 36. Qxd8 Rxd8 37. Rgf3 Ra8 38. e6 fxe6 39. Nxe6 Bxe6 40. Rxe6 Rh5+ 41. Kg3 Ra2 42. cxb4 Rxb2 43. Ra3 Rb3+ 44. Rxb3 cxb3 45. Re3 Rb5 46. Rxb3 Kg7 47. Kf3 Kf6 48. Ke4 Ke6 49. Kd4 Kd6 50. Kc4 Rf5 51. Rf3 h5 52. g3 g5 53. Kd4 gxf4 54. Rxf4 Rg5 55. Rf6+ Kc7 56. Rf3 Kc6 57. Ke4 Rg4+ 58. Kf5 Kb5 59. Re3 Rg8 60. Rb3 Kc4 61. Rb1 Rxg3 62. b5 Rg7 63. b6 Rb7 64. Kg5 Kc5 65. Kxh5 Rxb6 66. Rxb6 Kxb6 1/2-1/2

[Event "Ustron op-B"]
[Site "Ustron"]
[Date "2022.08.19"]
[Round "8"]
[White "Grochol, Kamil"]
[Black "Czarnecka, Lidia"]
[Result "1-0"]
[WhiteElo "1999"]
[BlackElo "1908"]
[PlyCount "105"]
[EventDate "2022.08.12"]
[EventType "swiss"]
[EventRounds "9"]
[EventCountry "POL"]
[SourceTitle "CBM 209 Extra"]
[Source "ChessBase"]
[SourceDate "2022.09.30"]
[SourceVersion "1"]
[SourceVersionDate "2022.09.30"]
[SourceQuality "1"]

1. d4 d5 2. Bf4 Nf6 3. e3 c5 4. Nc3 a6 5. dxc5 Nc6 6. a3 e5 7. Bg5 Be6 8. b4 Be7 9. Nf3 0-0 10. Be2 Qc7 11. 0-0 Rad8 12. Qc1 a5 13. Qb2 Bg4 14. Rfe1 h6 15. Bh4 Ne4 16. Bxe7 Qxe7 17. Rad1 Nf6 18. h3 Bf5 19. Bf1 axb4 20. axb4 Bg6 21. Qb3 Qe6 22. Nb5 Bh5 23. c4 Bxf3 24. gxf3 dxc4 25. Qxc4 Qxc4 26. Bxc4 Nxb4 27. Rxd8 Rxd8 28. Nd6 Rd7 29. Rb1 Na6 30. Nxf7 Rc7 31. Nxe5+ Kf8 32. c6 Nc5 33. Rb5 b6 34. Ng6+ Ke8 35. Rxb6 Kd8 36. Rb8+ Rc8 37. Rxc8+ Kxc8 38. Ne7+ Kc7 39. Nf5 Ne8 40. Nd4 Nd6 41. Bd5 Kd8 42. Ne6+ Nxe6 43. Bxe6 Nb5 44. f4 Ke7 45. Bd5 Nc3 46. Bf3 Kd6 47. Kg2 Na4 48. Kg3 Nc5 49. Kg4 Nd3 50. Kf5 Nxf2 51. h4 Nd3 52. Kg6 Ne1 53. Be4 1-0

[Event "Ustron op-B"]
[Site "Ustron"]
[Date "2021.08.20"]
[Round "9"]
[White "Zabrzanska, Weronika"]
[Black "Grochol, Kamil"]
[Result "1/2-1/2"]
[WhiteElo "1969"]
[BlackElo "1975"]
[PlyCount "85"]
[EventDate "2021.08.13"]
[EventType "swiss"]
[EventRounds "9"]
[EventCountry "POL"]
[SourceTitle "CBM 204 Extra"]
[Source "ChessBase"]
[SourceDate "2021.11.30"]
[SourceVersion "1"]
[SourceVersionDate "2021.11.30"]
[SourceQuality "1"]

1. e4 c5 2. Nf3 Nc6 3. d4 cxd4 4. Nxd4 Nf6 5. Nc3 d6 6. Bc4 Qb6 7. Nb3 e6 8. Be3 Qc7 9. Qe2 a6 10. 0-0-0 Ne5 11. Bd3 Bd7 12. f4 Nxd3+ 13. Qxd3 Bc6 14. Rhg1 Be7 15. g4 h6 16. g5 hxg5 17. Rxg5 Rxh2 18. Rxg7 Rc8 19. Nd4 Bf8 20. Rg5 b5 21. e5 dxe5 22. fxe5 Nd5 23. Ne4 Be7 24. Rg8+ Kd7 25. Rg7 Nb4 26. Nxb5+ Nxd3+ 27. Rxd3+ Bd5 28. Nxc7 Rxc7 29. Nc3 Ke8 30. Rg8+ Bf8 31. Bg1 Rh1 32. Nxd5 exd5 33. Rxd5 Ke7 34. b3 Ke6 35. c4 Bc5 36. Rd1 Bxg1 37. Rdxg1 Rxg1+ 38. Rxg1 Kxe5 39. Kd2 f5 40. Ke3 Rh7 41. Rf1 Rh3+ 42. Rf3 Rh2 43. Rf2 1/2-1/2

[Event "Ustron op-B"]
[Site "Ustron"]
[Date "2021.08.18"]
[Round "7"]
[White "Mirski, Michal"]
[Black "Grochol, Kamil"]
[Result "1/2-1/2"]
[WhiteElo "2028"]
[BlackElo "1975"]
[PlyCount "52"]
[EventDate "2021.08.13"]
[EventType "swiss"]
[EventRounds "9"]
[EventCountry "POL"]
[SourceTitle "CBM 204 Extra"]
[Source "ChessBase"]
[SourceDate "2021.11.30"]
[SourceVersion "1"]
[SourceVersionDate "2021.11.30"]
[SourceQuality "1"]

1. e4 c5 2. Nf3 Nc6 3. d4 cxd4 4. Nxd4 Nf6 5. Nc3 d6 6. Rg1 e5 7. Nb3 Be6 8. Bg5 Be7 9. Qd2 h6 10. Be3 Ng4 11. Nd5 Nxh2 12. Be2 Ng4 13. Bxg4 Bxg4 14. f3 Be6 15. 0-0-0 Rc8 16. Nxe7 Qxe7 17. Qxd6 b6 18. Kb1 Qxd6 19. Rxd6 Ke7 20. Rd2 Rhd8 21. Rxd8 Rxd8 22. Nc1 f6 23. b3 h5 24. Rh1 Rh8 25. Nd3 g5 26. c4 h4 1/2-1/2

[Event "POL-chT U20"]
[Site "Lublin"]
[Date "2021.06.26"]
[Round "1.2"]
[White "Chyzy, Jakub"]
[Black "Grochol, Kamil"]
[Result "1-0"]
[WhiteElo "2257"]
[BlackElo "1978"]
[PlyCount "115"]
[EventDate "2021.06.26"]
[EventType "team-tourn"]
[EventRounds "9"]
[EventCountry "POL"]
[SourceTitle "CBM 203 Extra"]
[Source "ChessBase"]
[SourceDate "2021.09.30"]
[SourceVersion "1"]
[SourceVersionDate "2021.09.30"]
[SourceQuality "1"]
[WhiteTeam "Czarna LKSz"]
[BlackTeam "Rybnik MKSz"]
[WhiteTeamCountry "POL"]
[BlackTeamCountry "POL"]

1. e4 c5 2. Nf3 d6 3. d4 cxd4 4. Qxd4 Nf6 5. Nc3 Nc6 6. Bb5 Bd7 7. Bxc6 Bxc6 8. Bg5 e6 9. 0-0-0 Be7 10. Rhe1 0-0 11. Kb1 Qc7 12. Qd2 Rfd8 13. Nd4 Rab8 14. f3 b5 15. g4 b4 16. Nce2 Ba8 17. Ng3 a5 18. Nh5 Ne8 19. h4 a4 20. Bxe7 Qxe7 21. g5 Rdc8 22. Nf4 Qc7 23. Nde2 b3 24. cxb3 axb3 25. a3 Qc2+ 26. Ka1 Bb7 27. Nc3 Qxd2 28. Rxd2 Ba6 29. Red1 Rc7 30. Ng2 Kf8 31. Ne3 Rbc8 32. Rd4 Rb8 33. Kb1 Rc6 34. f4 Ke7 35. f5 Rc5 36. Rb4 Rcc8 37. Rbd4 Rc7 38. Re1 Rc5 39. Red1 Bc8 40. Rb4 Rxb4 41. axb4 Rc7 42. Rd4 Rb7 43. b5 Nc7 44. Rb4 Bd7 45. b6 Na6 46. Rxb3 Bc6 47. Nc4 Nc5 48. Ra3 Nxe4 49. fxe6 fxe6 50. Ra6 Nxc3+ 51. bxc3 Be4+ 52. Kc1 Kd7 53. Na5 Rb8 54. Ra7+ Kd8 55. Nc4 Bd3 56. Rxg7 Rc8 57. b7 Rb8 58. Nxd6 1-0

[Event "POL-ch U18"]
[Site "Szklarska Poreba"]
[Date "2021.03.17"]
[Round "5"]
[White "Skurniak, Szymon"]
[Black "Grochol, Kamil"]
[Result "1-0"]
[WhiteElo "2069"]
[BlackElo "2006"]
[PlyCount "109"]
[EventDate "2021.03.13"]
[EventType "swiss"]
[EventRounds "9"]
[EventCountry "POL"]
[SourceTitle "CBM 201 Extra"]
[Source "ChessBase"]
[SourceDate "2021.05.31"]
[SourceVersion "1"]
[SourceVersionDate "2021.05.31"]
[SourceQuality "1"]

1. d4 Nf6 2. Bg5 d5 3. Nd2 c5 4. e3 Nc6 5. c3 e5 6. dxe5 Nxe5 7. Ngf3 Nc6 8. Bd3 Be7 9. h3 Be6 10. Qc2 h6 11. Bf4 Rc8 12. e4 c4 13. Be2 dxe4 14. Nxe4 Nxe4 15. Qxe4 Qd5 16. Qxd5 Bxd5 17. Rd1 Rd8 18. 0-0 0-0 19. a4 a6 20. Bc7 Bxf3 21. Bxf3 Rxd1 22. Rxd1 Rc8 23. Rd7 Kf8 24. Bxc6 bxc6 25. Bb6 Ke8 26. Ra7 Bg5 27. Rxa6 Bc1 28. Bd4 f6 29. Ra5 Bxb2 30. Rc5 Kd7 31. Rxc4 Ba3 32. Bb6 c5 33. a5 Kc6 34. Re4 Bb2 35. Re3 c4 36. Kf1 Kb5 37. Ke2 Ka4 38. Kd2 Kb3 39. a6 Ra8 40. a7 Ba1 41. f4 f5 42. g4 g6 43. Kc1 Bb2+ 44. Kb1 g5 45. Bd4 Rd8 46. gxf5 gxf4 47. Re7 Bxc3 48. Rb7+ Bb4 49. Rb8 Rxd4 50. Rxb4+ Kxb4 51. a8Q Kc3 52. Qf3+ Kd2 53. f6 c3 54. Qf2+ Kd3 55. Qc2+ 1-0

[Event "POL-ch U18"]
[Site "Szklarska Poreba"]
[Date "2021.03.13"]
[Round "1"]
[White "Mis, Mieszko"]
[Black "Grochol, Kamil"]
[Result "1-0"]
[WhiteElo "2366"]
[BlackElo "2006"]
[PlyCount "65"]
[EventDate "2021.03.13"]
[EventType "swiss"]
[EventRounds "9"]
[EventCountry "POL"]
[SourceTitle "CBM 201 Extra"]
[Source "ChessBase"]
[SourceDate "2021.05.31"]
[SourceVersion "1"]
[SourceVersionDate "2021.05.31"]
[SourceQuality "1"]

1. d4 Nf6 2. c4 e6 3. Nf3 d5 4. Nc3 c5 5. cxd5 Nxd5 6. e3 cxd4 7. exd4 Nxc3 8. bxc3 Qc7 9. Bb2 Nd7 10. Rc1 b6 11. Bd3 Bb7 12. 0-0 Bd6 13. h3 0-0 14. Re1 Rac8 15. c4 Rfe8 16. Rc2 h6 17. Qe2 Nf8 18. Nd2 Bh2+ 19. Kh1 Bf4 20. Ne4 f5 21. Nd2 Bc6 22. c5 Ba4 23. Nb3 Qd7 24. Ba6 Rc7 25. Bc4 Kh7 26. Ba3 b5 27. Bd3 a6 28. Bxf5+ g6 29. Be4 Bxb3 30. axb3 Qxd4 31. h4 Kg8 32. g3 Be5 33. Bb2 1-0

[Event "Bohumin op 3rd"]
[Site "Bohumin"]
[Date "2020.07.21"]
[Round "4"]
[White "Poysti, Nathanael Nicolai"]
[Black "Grochol, Kamil"]
[Result "1-0"]
[WhiteElo "2209"]
[BlackElo "2023"]
[PlyCount "87"]
[EventDate "2020.07.18"]
[EventType "swiss"]
[EventRounds "9"]
[EventCountry "CZE"]
[SourceTitle "CBM 197 Extra"]
[Source "ChessBase"]
[SourceDate "2020.09.30"]
[SourceVersion "1"]
[SourceVersionDate "2020.09.30"]
[SourceQuality "1"]

1. c4 e6 2. Nc3 d5 3. d4 a6 4. cxd5 exd5 5. Bf4 Nf6 6. e3 Bd6 7. Bg5 Be6 8. Bd3 Nbd7 9. f4 h6 10. Bh4 g5 11. fxg5 hxg5 12. Bxg5 Rxh2 13. Rxh2 Bxh2 14. Nge2 Bd6 15. Nf4 c6 16. Qf3 Bg4 17. Qf2 Qb6 18. Rc1 0-0-0 19. Bxf6 Nxf6 20. Nfxd5 Nxd5 21. Nxd5 Qa5+ 22. Nc3 Qg5 23. Kd2 Re8 24. Rf1 Kb8 25. Ne4 Qa5+ 26. Kc1 Rxe4 27. Bxe4 Qxa2 28. Qxf7 Be6 29. Qf2 Bc4 30. Rd1 Bb3 31. Bb1 Qa4 32. Rd3 Bb4 33. g4 Bc4 34. Rd1 Bb3 35. Rg1 Qb5 36. g5 Qc4+ 37. Bc2 Ba3 38. bxa3 Qc3 39. Qd2 Qa1+ 40. Bb1 Qxa3+ 41. Qb2 Qb4 42. Bc2 Qc4 43. Qxb3 Qf1+ 44. Rxf1 1-0